Online Public Access Catalog -OPAC

The child in his family:Vulnerable children/ (Record no. 10166)

MARC details
000 -LEADER
fixed length control field 00595nam a2200157Ia 4500
008 - FIXED-LENGTH DATA ELEMENTS--GENERAL INFORMATION
fixed length control field 1978nyu df a0 1 engsd
020 ## - INTERNATIONAL STANDARD BOOK NUMBER
International Standard Book Number 471044334
040 ## - CATALOGING SOURCE
Original cataloging agency NG-ZaABU
050 ## - LIBRARY OF CONGRESS CALL NUMBER
Classification number RJ 499.A1
245 #4 - TITLE STATEMENT
Title The child in his family:Vulnerable children/
Remainder of title edited by E. James Anthony, Cyrille, Koupernik, Collette Chiland
260 ## - PUBLICATION, DISTRIBUTION, ETC.
Place of publication, distribution, etc. New York
Name of publisher, distributor, etc. John Wiley & son
Date of publication, distribution, etc. 1970
300 ## - PHYSICAL DESCRIPTION
Extent Vol. 4
490 ## - SERIES STATEMENT
Series statement International Association for child psychiatry and Allied professions, yearbook.
500 ## - GENERAL NOTE
General note Includes index
700 ## - ADDED ENTRY--PERSONAL NAME
Personal name Anthony, James E.;Koupernik,Cyrille;Chiland,Collette

No items available.

Customized by ICT Technical Service Unit on 29th Dec 2022

Kashim Ibrahim Library